书目信息 |
| 题名: |
文言复式虚词
|
|
| 作者: | 楚永安 编 | |
| 分册: | ||
| 出版信息: | 北京 中国人民大学出版社 1986 |
|
| 页数: | 547页 | |
| 开本: | 20cm | |
| 丛书名: | ||
| 单 册: | ||
| 中图分类: | H141 | |
| 科图分类: | ||
| 主题词: | 汉语--语法--古代 | |
| 电子资源: | ||
| ISBN: | ||
| 000 | 00606nam0 2200229 45 | |
| 001 | 0186016986 | |
| 005 | 20050415083423.8 | |
| 010 | @dCNY3.75 | |
| 091 | @a9011.89 | |
| 100 | @a19900809d1986 mk y0chiy0121 ea | |
| 101 | 0 | @achi |
| 102 | @aCN@b110000 | |
| 105 | @ay z 000yy | |
| 200 | 10 | @a文言复式虚词@Awen yan fu shi xu ci@f楚永安编@FChu Yong An Bian |
| 210 | @a北京@c中国人民大学出版社@d1986 | |
| 215 | @a547页@d20cm | |
| 606 | @a汉语@x语法@x古代 | |
| 690 | @aH141@v3 | |
| 701 | 0 | @a楚永安@4编 |
| 801 | 0 | @aCN@b深圳图书馆@c20040425 |
| 801 | 2 | @aCN@bNLC@c20040425 |
| 905 | @dH141@e104@f1@b165719 | |
| 文言复式虚词/楚永安编.-北京:中国人民大学出版社,1986 |
| 547页;20cm |
| ISBN :CNY3.75 |
| ● |
| 相关链接 |
|
|
|
|
正题名:文言复式虚词
索取号:H141/104
 
预约/预借
| 序号 | 登录号 | 条形码 | 馆藏地/架位号 | 状态 | 备注 |
| 1 | 0165716 | 000860241 | 第四借阅区/ [索取号:H141/104] | 在馆 | |
| 2 | 0165717 | 000860205 | 第四借阅区/ [索取号:H141/104] | 在馆 | |
| 3 | 0165718 | 002025383 | 第四借阅区/ [索取号:H141/104] | 在馆 | |
| 4 | 0165719 | 002003502 | 第四借阅区/ [索取号:H141/104] | 在馆 | |
| 5 | 0165720 | 000860287 | 第二样本阅览室/ [索取号:H141/104] | 在馆 |